Comandant Barbara / Bernard Shaw ; traducció de Judit Ribas i Jordi Corominas ; postfaci de Bernard Shaw
Descripción Física:
189 p. ; 17 cm
MARC
| LEADER | 00000nam a2200000Ia 4500 | ||
|---|---|---|---|
| 001 | 11189 | ||
| 008 | 160829s1995 xx 000 0 cat d | ||
| 080 | |a L-1-184 | ||
| 100 | |a Shaw, Bernard |9 34977 | ||
| 245 | |a Comandant Barbara / Bernard Shaw ; traducció de Judit Ribas i Jordi Corominas ; postfaci de Bernard Shaw | ||
| 260 | |a Barcelona : |b Institut del Teatre, Diputació de Barcelona, |c 1995 | ||
| 300 | |a 189 p. ; |c 17 cm | ||
| 490 | |a Col·lecció popular de teatre clàssic universal ; 43 | ||
| 700 | |a Ribas, Judit, tr. |9 35757 | ||
| 700 | |a Corominas, Jordi, tr. |9 35758 | ||
| 710 | 1 | |a Institut del Teatre (Barcelona, Catalunya) |9 52662 | |
| 901 | |a Arxiu | ||
| 942 | |n 1 | ||
| 952 | |0 0 |1 0 |4 0 |6 L1184 |7 1 |9 47052 |a Arxiu |b Arxiu |d 2016-12-01 |l 0 |o L-1-184 |p 11189 |r 2016-12-01 00:00:00 |w 2016-12-01 |y ARXIU | ||
| 999 | |c 50845 |d 50845 | ||